000 00181 a2200097 4500
020 _a9780399155024
041 _aeng
100 _aCook, Robin
245 _aForeign Body
942 _cBK
999 _c31969
_d31967